000 00751nam a2200205Ia 4500
003 GCL
008 140319s9999 xx 000 0 ara d
040 _aGCL /
_cGCL
082 0 4 _a327.114
_bع ص
100 1 _aعادل محمد العضايلة
245 1 0 _aالصراع على المياه فى الشرق الاوسط :
_bالحرب والسلام /
_cعادل محمد العضايلة
250 _aالاولى
260 _aالاردن :
_bدار الشروق للنشر والتوزيع ،
_c2005
300 _a407 ص ؛
_c24 سم
650 0 4 _aمشكلة المياه
650 0 4 _aالشرق الاوسط - المياه
650 0 4 _aالمياه - قوانين وتشريعات
650 0 4 _aحق المياه
942 _2ddc
_cBK
999 _c10146
_d10146